Liczby od 1 do 20 w 15 sekund - Statystyki

Ogólne statystyki
  • Ten quiz został rozwiązany 544 razy
  • Średni wynik to 18 z 20
Statystyki odpowiedzi
# % Poprawnych
1
100%
2
99%
3
99%
4
97%
5
97%
6
97%
8
97%
7
96%
9
96%
11
93%
12
93%
10
92%
13
91%
14
91%
15
90%
16
88%
17
86%
18
85%
19
83%
20
76%
Nie znaleziono quizów pasujących do podanych kryteriów
Rozkład punktacji
Procent ludzi z każdym wynikiem
Percentyl według liczby udzielonych odpowiedzi
Twoja historia wyników
Nie rozwiązałeś tego quizu